Loading...
| Science - Biology | 0 | 9 | 1 | 2 | 85 | 54 | 84.67 | 2 | 6 |
| Science - Chemistry | 0 | 6 | 1 | 1 | 55 | 44 | 67.50 | 0 | 3 |
| Fine Arts - Classical Music | 0 | 3 | 0 | 0 | 30 | 73 | 100.67 | 0 | 1 |
| Mythology | 0 | 4 | 2 | 0 | 30 | 73 | 94.25 | 0 | 4 |
| Religion | 0 | 2 | 0 | 0 | 20 | 38 | 41.50 | 2 | 2 |
| Fine Arts - Other Fine Arts | 0 | 2 | 1 | 0 | 15 | 98 | 108.00 | 0 | 1 |
| Science - Other Science | 0 | 1 | 0 | 0 | 10 | 80 | 80.00 | 0 | 0 |
| Science - Physics | 0 | 1 | 0 | 0 | 10 | 70 | 70.00 | 0 | 1 |
| Fine Arts - Painting and Sculpture | 0 | 1 | 0 | 1 | 10 | 121 | 121.00 | 0 | 0 |
| History - Other History | 0 | 1 | 0 | 0 | 10 | 80 | 80.00 | 0 | 0 |
| History - World History | 0 | 1 | 0 | 1 | 10 | 115 | 115.00 | 0 | 0 |
| Literature - American Literature | 0 | 1 | 0 | 0 | 10 | 89 | 89.00 | 0 | 0 |
| Literature - British Literature | 0 | 1 | 0 | 0 | 10 | 75 | 75.00 | 0 | 1 |
| History - European History | 0 | 0 | 0 | 0 | 0 | 0.00 | 0 | 0 |